Vida y obras de D. Francisco de Leyva y Ramírez de Arellano autor dramático malagueño del siglo XVII / (Record no. 108697)

MARC details
000 -LEADER
campo de control de longitud fija 00823nam a2200205 i 4500
001 - NÚMERO DE CONTROL
campo de control 108697
003 - IDENTIFICADOR DE NÚMERO DE CONTROL
campo de control ES-MaACL
005 - FECHA Y HORA DE LA ÚLTIMA TRANSACCIÓN
campo de control 20251012190610.0
007 - CAMPO FIJO DE DESCRIPCIÓN FÍSICA--INFORMACIÓN GENERAL
campo de control de longitud fija t|
008 - DATOS DE LONGITUD FIJA--INFORMACIÓN GENERAL
campo de control de longitud fija 061121s1947 sp r ||||1| spa d
100 1# - ENTRADA PRINCIPAL--NOMBRE DE PERSONA
Nombre de persona Montilla, Rafael.
9 (RLIN) 82657
245 10 - MENCIÓN DEL TÍTULO
Título Vida y obras de D. Francisco de Leyva y Ramírez de Arellano autor dramático malagueño del siglo XVII /
Mención de responsabilidad, etc. Rafael Montilla.
260 ## - PUBLICACIÓN, DISTRIBUCIÓN, ETC.
Lugar de publicación, distribución, etc. Málaga :
Nombre del editor, distribuidor, etc. [s.n.],
Fecha de publicación, distribución, etc. 1947 (
Fabricante Diputación Provincial)
300 ## - DESCRIPCIÓN FÍSICA
Extensión 170 p. 1 lám. :
Otras características físicas `Retr. aut. biografiado` ;
Dimensiones 16 cm.
490 1# - MENCIÓN DE SERIE
Mención de serie Publicaciones del Instituto de Cultura. Serie B ;
Designación de volumen o secuencia 2
600 14 - PUNTO DE ACCESO ADICIONAL DE MATERIA--NOMBRE DE PERSONA
Nombre de persona Leiva Ramírez de Arellano, Francisco de,
Fechas asociadas al nombre 1630-1676
9 (RLIN) 72095
830 0# - PUNTO DE ACCESO ADICIONAL DE SERIE-TÍTULO UNIFORME
Título uniforme Publicaciones del Instituto de Cultura. Serie B ;
Designación de volumen o secuencia 2
9 (RLIN) 185567
852 ## - LOCALIZACIÓN
Ubicación ES-MaACL
Número de control de estantería E-491
Sublocalización o colección R.26178
Holdings
Estatus retirado Estado de pérdida Estado de daño No para préstamo Biblioteca de origen Biblioteca actual Ubicación en estantería Fecha de adquisición Fuente de adquisición Total de préstamos Signatura topográfica completa Código de barras Visto por última vez Precio de reemplazo Tipo de ítem Koha
        Biblioteca del Ateneo de Madrid Biblioteca del Ateneo de Madrid Depósito 2 17/01/2008     E-491 1113422 23/02/2023 23/02/2023 Libro impreso